Miller and Evan's anatomy of the dog (Record no. 85808)

MARC details
000 -LEADER
fixed length control field 00850 a2200277 4500
003 - CONTROL NUMBER IDENTIFIER
control field CBULib
005 - DATE AND TIME OF LATEST TRANSACTION
control field 20250304084720.0
008 - FIXED-LENGTH DATA ELEMENTS--GENERAL INFORMATION
fixed length control field 241203b |||||||| |||| 00| 0 eng d
020 ## - INTERNATIONAL STANDARD BOOK NUMBER
International Standard Book Number 9780323546010
040 ## - CATALOGING SOURCE
Language of cataloging English
Transcribing agency CBULib
Description conventions rda
041 ## - LANGUAGE CODE
Language code of text/sound track or separate title eng
050 ## - LIBRARY OF CONGRESS CALL NUMBER
Classification number SF 767. D6 Her
100 ## - MAIN ENTRY--PERSONAL NAME
Personal name Hermanson, John W.
245 ## - TITLE STATEMENT
Title Miller and Evan's anatomy of the dog
Statement of responsibility, etc / by John W. Hermanson; Alexander de Lahunta and Howard E. Evans
250 ## - EDITION STATEMENT
Edition statement Fifth edition
260 ## - PUBLICATION, DISTRIBUTION, ETC. (IMPRINT)
Name of publisher, distributor, etc Elsevier,
Date of publication, distribution, etc 2020
Place of publication, distribution, etc Missouri :
300 ## - PHYSICAL DESCRIPTION
Extent xxi, 981 pages : illustrations
336 ## - CONTENT TYPE
Source rdacontent
Content type term Text |
Content type code txt
337 ## - MEDIA TYPE
Source rdamedia
Media type term Unmediated |
Media type code n
338 ## - CARRIER TYPE
Source rdacarrier
Carrier type term Volume
Carrier type code nc
650 #0 - SUBJECT ADDED ENTRY--TOPICAL TERM
9 (RLIN) 4066
Topical term or geographic name as entry element DOGS
650 #0 - SUBJECT ADDED ENTRY--TOPICAL TERM
9 (RLIN) 4067
Topical term or geographic name as entry element ANATOMY OF THE DOG
700 ## - ADDED ENTRY--PERSONAL NAME
9 (RLIN) 4068
Personal name Lahunta, Alexander de
700 ## - ADDED ENTRY--PERSONAL NAME
9 (RLIN) 4069
Personal name Evans, Howard E
942 ## - ADDED ENTRY ELEMENTS (KOHA)
Source of classification or shelving scheme
Koha item type MONOGRAPH
Holdings
Withdrawn status Lost status Source of classification or shelving scheme Damaged status Not for loan Collection code Permanent Location Current Location Shelving location Date acquired Source of acquisition Cost, normal purchase price Total Checkouts Full call number Barcode Date last seen Copy number Price effective from Koha item type
          CBU-Lusaka Campus CBU- LUSAKA CAMPUS CBU-MAIN LIBRARY, KITWE. General Stacks 12/03/2024 DON-BOOKAID 120.00   SF 767. D6 Her 753138 12/03/2024 1 12/03/2024 MONOGRAPH
          CBU-Lusaka Campus CBU- LUSAKA CAMPUS CBU-MAIN LIBRARY, KITWE. General Stacks 12/03/2024 DON-BOOKAID 120.00   SF 767. D6 Her 753137 12/03/2024 2 12/03/2024 MONOGRAPH
          Main Library Open Access Collection CBU-MAIN LIBRARY, KITWE. CBU-MAIN LIBRARY, KITWE. General Stacks 03/04/2025 BOOK AID INTERNATIONAL 120.00   SF 767. D6 Her 753513 03/04/2025   03/04/2025 MONOGRAPH
          Main Library Open Access Collection CBU-MAIN LIBRARY, KITWE. CBU-MAIN LIBRARY, KITWE. General Stacks 03/04/2025 BOOK AID INTERNATIONAL 120.00   SF 767. D6 Her 753514 03/04/2025   03/04/2025 MONOGRAPH